| 000 | 00961 a2200289 4500 | ||
|---|---|---|---|
| 001 | 200129503 | ||
| 999 |
_c200129503 _d31558 |
||
| 003 | TR-AnTOB | ||
| 005 | 20231130114125.0 | ||
| 008 | 130527s2012 tu 000 0 | ||
| 020 | _a9786054354245 | ||
| 040 | _aTR-AnTOB | ||
| 041 | _atur | ||
| 050 | 0 |
_aKKX1469 _b.A53 2012 |
|
| 090 | _aKKX1469 .A53 2012 | ||
| 245 | 1 | 0 |
_aAnayasal sosyal haklar : _bAvrupa sosyal şartı, karşılaştırmalı hukuk ve Türkiye / _ceditör İbrahim Ö. Kaboğlu. |
| 264 | 1 |
_aİstanbul : _bLegal Yayıncılık, _c2012. |
|
| 300 |
_a307 p. ; _c24 cm. |
||
| 490 | 0 |
_aHukuk Kitapları Serisi ; _v176 |
|
| 504 | _aIncludes bibliographical references. | ||
| 650 | 7 |
_aSosyal mevzuat _zTürkiye _2etuturkob _974110 |
|
| 650 | 0 |
_aSocial legislation _zTurkey _974111 |
|
| 650 | 0 |
_aSocial legislation _zEurope _987794 |
|
| 650 | 7 |
_aSosyal mevzuat _zAvrupa _2etuturkob _989689 |
|
| 700 | 1 |
_aKaboğlu, İbrahim Ö. _981283 |
|
| 942 | _cBK | ||